000 00576nam a2200193Ia 4500
008 100920s9999 xx 000 0 und d
082 _b57164
_a--- थ 90
100 _aकाळे वैजयंती.
245 _aखानदान.
260 _bराजेन्द्र पब्लिकेशन्स्र, पुणे.
260 _c1990
300 _a260
_bसाधी
365 _b90
520 _aकादंबरी.
630 _aखानदान.
650 _aकादंबरी.
730 _aखानदान.
942 _cBOOK
999 _c701082
_d701079